Algebra lineal /

Salvato in:
Dettagli Bibliografici
Altri autori: Bru, Rafael (autor) (autor)
Natura: Libro
Lingua:spagnolo
Pubblicazione: Valencia, España : Universidad Politécnica de Valencia, 1993, c1993
Soggetti:
Tags: Aggiungi Tag
Nessun Tag, puoi essere il primo ad aggiungerne!!

MARC

LEADER 00000nam^a2200000^a^4500
001 000052221
005 20250521000000.0
009 20260310090350.169
037 |a Acervo ITESO - Biblioteca 
041 |a ESP 
082 |a 512. 5  |b ALG V. 2 
245 1 0 |a Algebra lineal /  |c Rafael Bru...[et al.]. 
264 4 |a Valencia, España :  |b Universidad Politécnica de Valencia,  |c 1993, c1993 
300 |a 278 p. 
336 |a texto  |b txt  |2 rdacontenido 
337 |a sin mediación  |b n  |2 rdamedio 
338 |a volumen  |b nc  |2 rdasoporte 
649 |a XX 
650 |a Algebra Lineal 
650 |a Ecuaciones 
650 |a Matrices (Matemáticas) 
650 |a Matemáticas 
700 |a Bru, Rafael  |e (autor) 
910 |a Fondo General 
920 |a Impresos - Libros 
930 |a Colección General 
905 |a 101 
901 |a 0500010300  |b IT1  |c ACC  |u 20250521 
902 |a https://opac.biblio.iteso.mx/vufind/Record/000052221